|
|
|
|
| LEADER |
00000nab a2200000uu 4500 |
| 001 |
vtls011480262 |
| 003 |
SK-MaSNL |
| 005 |
20260303160038.0 |
| 008 |
230222|2002 xo |||||||||||||||||eng| |
| 015 |
|
|
|a SNBRB
|
| 035 |
|
|
|a (urnnbn)urn:nbn:sk:snk:ar-0057qr
|
| 035 |
|
|
|a (uuid)cd600b60-c20b-4de8-b43a-a8fa1ca092cc
|
| 035 |
|
|
|a urn:nbn:sk:snk-abd7us
|
| 040 |
|
|
|a SNKBUCL
|b slo
|c SNKBUCL
|e AACR2
|
| 041 |
0 |
|
|a eng
|
| 044 |
|
|
|a xo
|c SK
|
| 100 |
1 |
|
|a Lieber H.-W.
|4 aut
|9 1180338
|
| 245 |
1 |
0 |
|a IMPROVEMENTS OF HYDROMETALURGICAL PROCESSES BY APPLICATION OF THE ACID RETARDATION PROCEDURE - ACTUAL SITUATION AND DEVELOPMENTS
|c M. Gülbas, R. Kammel, Lieber H.-W.
|
| 246 |
3 |
|
|a ZDOKONALENIE HYDROMETALURGICKÝCH PROCESOV POMOCOU POSTUPU "ACID RETARDATION" - AKTUÁLNA SITUÁCIA A BUDÚCI VÝVOJ
|
| 700 |
1 |
|
|a Gülbas, M.
|4 aut
|9 1180339
|
| 700 |
1 |
|
|a Kammel, R.
|4 aut
|9 803329
|
| 773 |
0 |
|
|t Acta Metallurgica Slovaca : časopis Hutníckej fakulty Technickej univerzity Košice
|g Roč. 8, č. 1 (2002), s. 69-76
|
| 958 |
|
|
|a OND
|
| 958 |
|
|
|a EUIPO
|
| 958 |
|
|
|a article18
|
| 999 |
|
|
|c 2043982
|d 2045912
|